000
00339 a2200157 4500
001
156741
020
_a
9780194401111
040
_c
Escola São Tomás de Aquino
100
_a
WRIGHT, Craig
240
1
0
_a
We won the cup
_l
eng
245
1
0
_a
We won the cup
300
_a
34
362
0
_a
2016
697
_a
Língua inglesa
942
_c
BK
999
_c
156741
_d
156741